ბათუმის შოთა რუსთაველის სახელმწიფო უნივერსიტეტის ბიბლიოთეკა

ქერის ნაცრის გამომწვევის Blumeria graminis DS.f. sp. Hordei Marchal შიდა სახეობრივი დიფერენციაცია საქართველოში / (ბიბ.ჩანაწერი № 51936)

000 -ლიდერი
ფიქსირებული სიგრძის საკონტროლო ველი 01695nam a2200253Ia 4500
001 - საკონტროლო ნომერი
საკონტროლო ველი 18936
003 - საკონტროლო ნომრის იდენტიფიკატორი
საკონტროლო ველი GE_BSU
005 - ბოლო ოპერაციის თარიღი და დრო
საკონტროლო ველი 20210426142341.0
008 - ფიქსირებული სიგრძის მონაცემთა ელემენტები - ზოგადი ინფორმაცია
ფიქსირებული სიგრძის საკონტროლო ველი 181216s2013||||ge |||||||||||||| ||geo||
040 ## - კატალოგიზაციის წყარო
Transcribing agency GE_BSU
041 ## - ენის კოდი
Language code of text/sound track or separate title geo
080 ## - უნივერსალური ათობითი კლასიფიკაციის ინდექსი
Universal Decimal Classification number 63 ც-51
100 ## - მთავარი ჩანაწერი - პიროვნების სახელი
Personal name ცეცხლაძე, ცისანა
9 (RLIN) 11619
245 ## - ცნობა სათაურის შესახებ
Title ქერის ნაცრის გამომწვევის Blumeria graminis DS.f. sp. Hordei Marchal შიდა სახეობრივი დიფერენციაცია საქართველოში /
Statement of responsibility, etc ცისანა ცეცხლაძე; სამეცნიერო ხელმძღვანელი გ. მეფარიშვილი, შ. ლამპარაძე; ბათუმის შოთა რუსთაველის სახ-ფო უნ-ტი.
264 ## - წარმოების, გამოცემის, დისტრიბუციის და სხვა ცნობები
გამოცემის, წარმოების, დისტრიბუციის... ადგილი ბათუმი,
გამოცემის, წარმოების, დისტრიბუციის... თარიღი 2013.
300 ## - ფიზიკური აღწერა
Extent 146 გვ. ;
Other physical details 30 სმ.
653 ## - INDEX TERM--UNCONTROLLED
Uncontrolled term დისერტაცია
653 ## - INDEX TERM--UNCONTROLLED
Uncontrolled term სოფლის მეურნეობა
653 ## - INDEX TERM--UNCONTROLLED
Uncontrolled term ქერის ნაცრის გამომწვევის Blumeria graminis DS.f. sp. Hordei Marchal შიდა სახეობრივი დიფერენციაცია საქართველოში
700 ## - ADDED ENTRY--PERSONAL NAME
Personal name მეფარიშვილი, გ.
Relator term სამეცნიერო ხელმძღვანელი
9 (RLIN) 11607
700 ## - ADDED ENTRY--PERSONAL NAME
Personal name ლამპარაძე, შ.
Relator term სამეცნიერო ხელმძღვანელი
9 (RLIN) 1799
710 ## - ADDED ENTRY--CORPORATE NAME
Corporate name or jurisdiction name as entry element ბათუმის შოთა რუსთაველის სახ-ფო უნ-ტი
9 (RLIN) 11620
942 ## - ADDED ENTRY ELEMENTS (KOHA)
Koha item type წიგნი
Source of classification or shelving scheme
ეგზემპლარები
ჩამოწერის სტატუსი დაკარგული ეგზემპლარის სტატუსი კლასიფიკაციის წყარო ან თაროზე გაწყობის სქემა დაზიანების სტატუსი არ გაიცემა მუდმივი მდებარეობა (დაცვის ადგილი) ამჟამინდელი ადგილსამყოფელი თაროზე განთავსების ადგილი შეძენის თარიღი სრული შენახვის შიფრი შტრიხკოდი ბოლო ოპერაციის თარიღი ეგზემპლარის მიმდევრობითი ნომერი (კეტერი?) ფასის ძალაში შესვლის თარიღი ეგზემპლარის სახეობა
        შიდა ფონდი ბათუმის შოთა რუსთაველის სახელმწიფო უნივერსიტეტის მთავარი ბიბლიოთეკა ბათუმის შოთა რუსთაველის სახელმწიფო უნივერსიტეტის მთავარი ბიბლიოთეკა წიგნსაცავი 2018-12-17 63 ც-51 127 დისერტ. 2018-12-17 127 2018-12-17 დისერტაცია